Bundesliga: most matches - Statistics

General Stats
  • This quiz has been taken 78 times
  • The average score is 46 of 150
Answer Stats
Position Player Position Nationality Minutes played Matches Goals % Correct
1 Manuel Neuer Goalkeeper 42.876 478 0
95%
10 Robert Lewandowski Centre-Forward 31.079 384 312
89%
3 Thomas Müller Second Striker 32.947 442 144
89%
2 Claudio Pizarro Centre-Forward 28.537 465 187
86%
14 Marco Reus Attacking Midfield 28.266 365 150
86%
7 Mats Hummels Centre-Back 34.426 417 30
86%
9 Philipp Lahm Right-Back 32.278 385 14
86%
24 Bastian Schweinsteiger Central Midfield 25.259 342 45
77%
102 Oliver Kahn Goalkeeper 22.221 251 0
77%
68 Franck Ribéry Left Winger 18.725 273 86
70%
37 Miroslav Klose Centre-Forward 22.606 305 121
70%
34 Jérôme Boateng Centre-Back 24.592 314 5
68%
129 Joshua Kimmich Defensive Midfield 18.663 234 25
68%
47 David Alaba Centre-Back 23.592 298 24
64%
81 Lukas Hradecky Goalkeeper 23.358 261 0
61%
28 Mario Gómez Centre-Forward 23.037 328 170
61%
52 Yann Sommer Goalkeeper 26.040 291 0
61%
18 Roman Weidenfeller Goalkeeper 31.565 355 0
59%
120 Leon Goretzka Central Midfield 16.790 240 39
57%
12 Makoto Hasebe Centre-Back 29.220 376 7
57%
79 Mario Götze Attacking Midfield 18.118 263 60
57%
144 Frank Baumann Defensive Midfield 19.062 228 10
52%
26 Lukasz Piszczek Right-Back 25.413 332 19
52%
5 Oliver Baumann Goalkeeper 38.430 427 0
52%
8 Stefan Kießling Centre-Forward 28.319 403 144
50%
93 Lars Bender Defensive Midfield 18.254 256 22
48%
15 Naldo Centre-Back 31.224 358 45
48%
84 Nuri Şahin Defensive Midfield 19.095 259 22
48%
75 Sven Bender Defensive Midfield 19.226 265 8
48%
125 Lúcio Centre-Back 20.859 236 22
45%
87 Marcel Schmelzer Left-Back 21.050 258 3
45%
25 Rafinha Right-Back 25.421 332 12
45%
19 Halil Altıntop Attacking Midfield 23.890 351 67
43%
74 Kevin Trapp Goalkeeper 23.985 267 0
41%
33 Sebastian Kehl Defensive Midfield 25.028 314 24
41%
21 Vedad Ibisevic Centre-Forward 24.497 344 127
41%
76 Eric-Maxim Choupo-Moting Centre-Forward 15.240 265 62
39%
29 Matthias Ginter Centre-Back 27.899 325 20
39%
32 Maximilian Arnold Central Midfield 25.342 317 39
39%
64 Alexander Meier Second Striker 21.933 276 93
36%
51 Julian Brandt Attacking Midfield 18.814 292 58
36%
100 Niklas Süle Centre-Back 19.750 251 15
36%
40 Aaron Hunt Attacking Midfield 20.646 304 56
34%
128 Jakub Blaszczykowski Right Winger 15.127 235 28
34%
85 Koen Casteels Goalkeeper 23.105 258 0
34%
77 Ömer Toprak Centre-Back 20.475 263 7
34%
41 Torsten Frings Defensive Midfield 25.768 303 41
34%
63 Ádám Szalai Centre-Forward 14.422 276 54
32%
13 Daniel Caligiuri Right Winger 25.731 372 51
32%
57 Hans Jörg Butt Goalkeeper 25.511 286 10
32%
134 Neven Subotic Centre-Back 20.026 232 16
32%
139 Ralf Fährmann Goalkeeper 20.330 230 0
32%
132 Bernd Leno Goalkeeper 20.970 233 0
30%
83 Diego Benaglio Goalkeeper 23.185 259 0
30%
11 Lars Stindl Attacking Midfield 28.244 376 85
30%
36 Max Kruse Second Striker 24.997 307 97
30%
48 Nils Petersen Centre-Forward 15.199 295 89
30%
22 Patrick Herrmann Right Winger 17.423 343 47
30%
72 René Adler Goalkeeper 24.100 269 0
30%
141 Sven Ulreich Goalkeeper 20.507 230 0
30%
106 Timo Werner Centre-Forward 17.553 249 100
30%
62 Zé Roberto Left Midfield 22.192 277 27
30%
70 Dedê Left-Back 22.424 269 11
27%
6 Gonzalo Castro Central Midfield 31.471 421 38
27%
137 John Brooks Centre-Back 19.469 231 12
27%
135 Jonas Hofmann Attacking Midfield 14.535 232 46
27%
117 Jonathan Tah Centre-Back 20.514 243 8
27%
112 Luiz Gustavo Defensive Midfield 19.432 245 15
27%
59 Mike Hanke Centre-Forward 15.306 284 57
27%
140 Nico Elvedi Centre-Back 19.615 230 12
27%
97 Ron-Robert Zieler Goalkeeper 22.782 254 0
27%
56 Simon Rolfes Defensive Midfield 21.816 288 41
27%
54 Andreas Beck Right-Back 24.465 290 5
25%
122 Benedikt Höwedes Centre-Back 19.789 240 12
25%
17 Christian Schulz Centre-Back 28.079 358 23
25%
50 Levan Kobiashvili Left-Back 24.114 292 23
25%
115 Peter Pekarík Right-Back 19.628 243 4
25%
53 Raffael Second Striker 22.277 290 82
25%
150 Sebastian Rode Central Midfield 13.836 225 15
25%
99 Timothy Chandler Right-Back 18.325 253 13
25%
71 Tim Wiese Goalkeeper 23.833 269 0
25%
43 Christian Günter Left-Back 26.059 302 10
23%
27 Clemens Fritz Right-Back 26.977 331 7
23%
104 Filip Kostić Left Midfield 20.127 249 35
23%
126 Ivica Olic Centre-Forward 15.910 236 72
23%
101 Oliver Neuville Centre-Forward 17.135 251 65
23%
113 Oscar Wendt Left-Back 19.387 244 16
23%
92 Stefan Bell Centre-Back 21.869 256 13
23%
110 Arne Friedrich Centre-Back 21.631 246 14
20%
138 Bernd Schneider Right Midfield 18.733 231 32
20%
65 Kevin Kuranyi Centre-Forward 22.107 275 111
20%
88 Manuel Friedrich Centre-Back 21.532 258 16
20%
89 Marcel Schäfer Left-Back 18.862 257 13
20%
67 Raphael Schäfer Goalkeeper 24.254 273 0
20%
16 Sebastian Rudy Defensive Midfield 25.257 358 17
20%
124 Tim Borowski Central Midfield 14.730 236 32
20%
31 David Jarolim Central Midfield 26.613 317 17
18%
90 Dennis Aogo Left-Back 19.908 257 3
18%
98 Eugen Polanski Defensive Midfield 17.955 254 14
18%
147 Håvard Nordtveit Defensive Midfield 15.354 228 10
18%
46 Jonathan Schmid Right Midfield 23.125 299 35
18%
119 Karim Bellarabi Right Winger 13.986 241 37
18%
123 Pál Dárdai Defensive Midfield 16.856 236 15
18%
127 Sergej Barbarez Second Striker 19.648 235 77
18%
130 Thorgan Hazard Left Winger 14.842 233 43
18%
49 Timo Hildebrand Goalkeeper 26.474 295 0
18%
149 Cédric Makiadi Central Midfield 15.863 225 17
16%
4 Christian Gentner Central Midfield 31.909 430 46
16%
91 Christoph Kramer Defensive Midfield 19.290 257 10
16%
86 Fabian Ernst Defensive Midfield 21.526 258 12
16%
20 Frank Rost Goalkeeper 31.107 347 1
16%
55 Gerald Asamoah Centre-Forward 17.647 290 46
16%
30 Heiko Westermann Centre-Back 28.063 318 26
16%
146 Jonas Hector Left-Back 19.667 228 12
16%
95 Julian Baumgartlinger Defensive Midfield 17.792 255 7
16%
118 Marcell Jansen Left-Back 19.710 242 25
16%
121 Martin Harnik Right Winger 15.749 240 66
16%
131 Martin Stranzl Centre-Back 19.269 233 13
16%
148 Niklas Stark Centre-Back 17.985 227 7
16%
45 Steven Cherundolo Right-Back 25.925 302 6
16%
69 Theodor Gebre Selassie Right-Back 22.715 271 23
16%
116 Tony Jantschke Centre-Back 17.901 243 5
16%
35 Cacau Centre-Forward 21.042 307 88
14%
61 Marvin Plattenhardt Left-Back 22.670 278 8
14%
60 Robin Knoche Centre-Back 23.961 282 15
14%
58 Alexander Madlung Centre-Back 18.272 285 29
11%
44 Daniel Baier Defensive Midfield 25.288 302 6
11%
108 Dominik Kohr Defensive Midfield 16.090 247 8
11%
23 Hanno Balitsch Defensive Midfield 26.024 343 20
11%
78 Josip Simunic Centre-Back 22.229 263 4
11%
109 Kevin Volland Centre-Forward 19.905 247 77
11%
111 Konstantin Rausch Left-Back 17.583 246 13
11%
66 Marcelo Bordon Centre-Back 23.769 274 23
11%
39 Marco Russ Centre-Back 24.531 304 24
11%
133 Nicolas Höfler Defensive Midfield 19.259 232 8
11%
80 Pirmin Schwegler Defensive Midfield 19.199 262 7
11%
105 Sascha Riether Right-Back 20.656 249 10
11%
82 Tranquillo Barnetta Attacking Midfield 17.343 260 29
11%
103 André Hahn Right Winger 16.140 250 49
9%
42 Kevin Vogt Centre-Back 24.015 303 3
9%
145 Mike Frantz Defensive Midfield 13.948 228 14
9%
114 Mladen Krstajic Centre-Back 20.788 243 18
9%
94 Nikolce Noveski Centre-Back 22.317 255 8
9%
107 Paul Freier Right Midfield 16.595 249 29
7%
96 Thorben Marx Defensive Midfield 17.321 255 11
7%
136 Leonardo Bittencourt Attacking Midfield 14.350 231 29
5%
143 Jiri Stajner Second Striker 15.563 229 42
2%
73 Simon Jentzsch Goalkeeper 24.048 268 0
2%
38 Bastian Oczipka Left-Back 24.463 304 3
0%
142 Christoph Dabrowski Defensive Midfield 18.051 230 19
0%
No matching quizzes found
Score Distribution
Percent of People with Each Score
Percentile by Number Answered
Your Score History
You have not taken this quiz